[Event "IECG LM.2001.0.00006 email"]
[Site "IECG email"]
[Date "2001.02.04"]
[Round "?"]
[White "Daurelle, Herve"]
[Black "Wodniczak, Arkadiusz"]
[Result "1-0"]
[WhiteElo "2209"]
[BlackElo "2145"]
[PlyCount "83"]
[EventDate "2001.02.04"]
[EventType "tourn (corr)"]
[EventRounds "14"]
[SourceTitle "Corr 2008"]
[Source "ChessBase"]
[SourceDate "2008.06.24"]
[SourceVersion "1"]
[SourceVersionDate "2008.06.24"]
[SourceQuality "1"]

1. e4 c6 2. c4 d5 3. cxd5 cxd5 4. exd5 Qxd5 5. Nc3 Qd6 6. d4 Nf6 7. Nf3 e6 8. Bd3 Nc6 9. 0-0 Be7 10. a3 0-0 11. Be3 b6 12. Qe2 Bb7 13. Rad1 Rac8 14. Rfe1 Rfd8 15. Bg5 h6 16. Bxf6 Bxf6 17. Be4 a6 18. d5 Na5 19. dxe6 Qxe6 20. Rxd8+ Rxd8 21. Qc2 Qc8 22. Bxb7 Nxb7 23. Qb3 Bxc3 24. bxc3 b5 25. Re7 Nd6 26. h3 Nc4 27. a4 Qc5 28. Re2 Qa3 29. Qxa3 Nxa3 30. axb5 Nxb5 31. c4 Rd1+ 32. Kh2 Nd6 33. c5 Nb5 34. Rc2 Nc7 35. c6 a5 36. Rc4 Kf8 37. Nd4 Rd3 38. f4 g6 39. Nf3 f6 40. Nd4 Ke7 41. f5 g5 42. Kg1 1-0

[Event "IECG LM.2001.0.00006 email"]
[Site "IECG email"]
[Date "2001.02.04"]
[Round "?"]
[White "Mueller, Klaus Detlef"]
[Black "Wodniczak, Arkadiusz"]
[Result "1-0"]
[WhiteElo "2453"]
[BlackElo "2145"]
[PlyCount "102"]
[EventDate "2001.02.04"]
[EventType "tourn (corr)"]
[EventRounds "14"]
[SourceTitle "Corr 2008"]
[Source "ChessBase"]
[SourceDate "2008.06.24"]
[SourceVersion "1"]
[SourceVersionDate "2008.06.24"]
[SourceQuality "1"]

1. e4 c6 2. d4 d5 3. e5 Bf5 4. Nf3 e6 5. Be2 c5 6. Be3 cxd4 7. Nxd4 Ne7 8. c4 Nbc6 9. Qa4 a6 10. Nc3 dxc4 11. Rd1 Bd3 12. Bxd3 cxd3 13. Rxd3 b5 14. Qb3 Nxe5 15. Rd1 Qc8 16. 0-0 N7c6 17. Rc1 Na5 18. Qd1 Nac4 19. Bf4 Ng6 20. Bg3 Qd7 21. b3 Ba3 22. Rc2 Nb2 23. Qd2 Rc8 24. Rb1 b4 25. Nce2 Rxc2 26. Qxc2 0-0 27. f4 f6 28. f5 exf5 29. Rxb2 Rc8 30. Qd2 Bxb2 31. Qxb2 Ne5 32. Qd2 Nc6 33. Qf4 Re8 34. Qd6 Qxd6 35. Bxd6 Kf7 36. Kf2 Nxd4 37. Nxd4 Rd8 38. Bc5 Rd5 39. Bb6 f4 40. Ke2 h5 41. Kf3 g5 42. h4 Re5 43. Nc6 Rb5 44. Bd4 Ke6 45. hxg5 fxg5 46. Ke4 Kd7 47. Ne5+ Ke6 48. Nc6 Kd6 49. Ne5 Ke7 50. Nd3 Kf7 51. Be5 Ke6 1-0

[Event "IECG LM.2001.0.00006 email"]
[Site "IECG email"]
[Date "2001.02.04"]
[Round "?"]
[White "Simmelink, Joop Theo"]
[Black "Wodniczak, Arkadiusz"]
[Result "1-0"]
[WhiteElo "2293"]
[BlackElo "2145"]
[PlyCount "90"]
[EventDate "2001.02.04"]
[EventType "tourn (corr)"]
[EventRounds "14"]
[SourceTitle "Corr 2008"]
[Source "ChessBase"]
[SourceDate "2008.06.24"]
[SourceVersion "1"]
[SourceVersionDate "2008.06.24"]
[SourceQuality "1"]

1. e4 c6 2. d4 d5 3. Nd2 dxe4 4. Nxe4 Bf5 5. Ng3 Bg6 6. N1e2 Nf6 7. Nf4 e5 8. dxe5 Qa5+ 9. c3 Qxe5+ 10. Be2 Nbd7 11. 0-0 0-0-0 12. Qa4 Bc5 13. b4 Bb6 14. Nxg6 hxg6 15. b5 cxb5 16. Bxb5 Nc5 17. Qc4 Nfe4 18. Re1 a6 19. Ba4 Qxc3 20. Qxc3 Nxc3 21. Bc2 Rhe8 22. Be3 Kb8 23. a3 f5 24. Kf1 Nb5 25. Rec1 Rd5 26. Ne2 Nd7 27. Bf4+ Ka7 28. a4 Nd4 29. Nxd4 Bxd4 30. Re1 Rxe1+ 31. Rxe1 Bf6 32. Bb3 Rd3 33. Bf7 g5 34. Ke2 Nc5 35. Rc1 gxf4 36. Rxc5 Ra3 37. Rc4 g5 38. Be6 Be5 39. Bxf5 f3+ 40. gxf3 Bxh2 41. Bc2 Bf4 42. Rb4 b6 43. Bb3 Ra1 44. Bd5 Rc1 45. Rc4 Rxc4 1-0

[Event "IECG R1.2001.0.00002"]
[Site "IECG email"]
[Date "2001.01.16"]
[Round "?"]
[White "Wodniczak, Arkadiusz"]
[Black "Nava Baro, Enrique"]
[Result "1/2-1/2"]
[WhiteElo "2145"]
[BlackElo "2093"]
[PlyCount "68"]
[EventDate "2001.01.06"]
[EventType "tourn (corr)"]
[EventRounds "6"]
[SourceTitle "Corr 2008"]
[Source "ChessBase"]
[SourceDate "2008.06.24"]
[SourceVersion "1"]
[SourceVersionDate "2008.06.24"]
[SourceQuality "1"]

1. e4 Nc6 2. Nf3 d5 3. exd5 Qxd5 4. Nc3 Qa5 5. d4 Bg4 6. Bb5 0-0-0 7. Bxc6 bxc6 8. h3 Qh5 9. Qe2 Bxf3 10. gxf3 e6 11. Qa6+ Kd7 12. Qd3 Qg6 13. Qxg6 hxg6 14. Ne4 Ne7 15. b3 Nf5 16. c3 Bd6 17. Bg5 f6 18. Nxf6+ gxf6 19. Bxf6 Rdf8 20. Bxh8 Rxh8 21. Ke2 c5 22. dxc5 Bxc5 23. Rag1 Ne7 24. c4 Bd4 25. f4 c5 26. Rg4 a5 27. Rg5 Kd6 28. Rg3 Rf8 29. Rg4 a4 30. Rd1 axb3 31. axb3 Kc7 32. Rd2 e5 33. Kf3 Rh8 34. Kg2 Rb8 1/2-1/2

[Event "IECG R1.2001.0.00002"]
[Site "IECG email"]
[Date "2001.01.16"]
[Round "?"]
[White "Wodniczak, Arkadiusz"]
[Black "Priour, Francois Xavier"]
[Result "1/2-1/2"]
[WhiteElo "2145"]
[BlackElo "1900"]
[PlyCount "116"]
[EventDate "2001.01.06"]
[EventType "tourn (corr)"]
[EventRounds "6"]
[SourceTitle "Corr 2008"]
[Source "ChessBase"]
[SourceDate "2008.06.24"]
[SourceVersion "1"]
[SourceVersionDate "2008.06.24"]
[SourceQuality "1"]

1. e4 Nc6 2. Nf3 e5 3. Nc3 Nf6 4. d4 exd4 5. Nxd4 Bb4 6. Nxc6 bxc6 7. Bd3 0-0 8. 0-0 d5 9. exd5 cxd5 10. Bg5 c6 11. Qf3 Be7 12. Rae1 Be6 13. Ne2 h6 14. Bc1 Bd6 15. h3 Nd7 16. Ng3 Ne5 17. Qd1 Nxd3 18. Qxd3 Re8 19. Re2 Qh4 20. Rfe1 Re7 21. b3 Rae8 22. Bb2 c5 23. Be5 Bxe5 24. Rxe5 g6 25. c4 dxc4 26. Qe4 Qxe4 27. Nxe4 Kg7 28. Nxc5 cxb3 29. axb3 Kf8 30. f4 Bc8 31. Kf2 Rxe5 32. Rxe5 Rxe5 33. fxe5 Ke7 34. Ke3 Bd7 35. b4 Bc6 36. g3 Kd8 37. Kd4 Kc7 38. Kc4 Kb6 39. h4 h5 40. Nb3 Bg2 41. Nd4 Be4 42. Kc3 Bd5 43. Kd3 Ba2 44. Ke4 Bc4 45. Kf4 Bd5 46. Kg5 Be4 47. Kf4 Bd5 48. g4 hxg4 49. Kxg4 a6 50. Kg5 Be4 51. Kf6 Bd5 52. Ne2 Bc4 53. Nc3 Bb3 54. Ke7 Kc6 55. Kf8 Kb6 56. Kg7 Kc6 57. Kh6 Kb6 58. Kg5 Kc6 1/2-1/2

[Event "IECG R1.2001.0.00002"]
[Site "IECG email"]
[Date "2001.01.06"]
[Round "?"]
[White "Novoa, Ruben Fernando"]
[Black "Wodniczak, Arkadiusz"]
[Result "0-1"]
[WhiteElo "2050"]
[BlackElo "2145"]
[PlyCount "57"]
[EventDate "2001.01.06"]
[EventType "tourn (corr)"]
[EventRounds "6"]
[SourceTitle "Corr 2008"]
[Source "ChessBase"]
[SourceDate "2008.06.24"]
[SourceVersion "1"]
[SourceVersionDate "2008.06.24"]
[SourceQuality "1"]

1. d4 Nf6 2. c4 e6 3. Nc3 Bb4 4. f3 d5 5. a3 Bxc3+ 6. bxc3 c5 7. cxd5 Nxd5 8. dxc5 f5 9. Bb2 0-0 10. Qd3 f4 11. g3 Nd7 12. e4 fxe3 13. c4 Qa5+ 14. Ke2 Nxc5 15. Qc2 Bd7 16. cxd5 Nb3 17. Qc3 Qxc3 18. Bxc3 Rfc8 19. Bxg7 Nxa1 20. Bxa1 Rc1 21. Bh3 Rxa1 22. dxe6 Bb5+ 23. Kxe3 Rc8 24. Kf4 Rcc1 25. Bf5 Rxg1 26. Rxg1 Rxg1 27. Ke5 Kg7 28. g4 Bc6 29. f4 0-1

[Event "IECG C1.2000.0.00328"]
[Site "IECG email"]
[Date "2000.12.19"]
[Round "?"]
[White "Tiggelman, Rene"]
[Black "Wodniczak, Arkadiusz"]
[Result "1-0"]
[WhiteElo "2165"]
[BlackElo "2135"]
[PlyCount "37"]
[EventDate "2000.12.19"]
[EventType "tourn (corr)"]
[EventRounds "6"]
[SourceTitle "Corr 2008"]
[Source "ChessBase"]
[SourceDate "2008.06.24"]
[SourceVersion "1"]
[SourceVersionDate "2008.06.24"]
[SourceQuality "1"]

1. Nf3 Nf6 2. g3 b5 3. Bg2 Bb7 4. 0-0 e6 5. d4 c5 6. c3 Na6 7. Na3 Nc7 8. Bg5 Rc8 9. Nc2 h6 10. Bxf6 Qxf6 11. a4 b4 12. dxc5 bxc3 13. b4 Be4 14. Nfd4 Bxg2 15. Kxg2 a5 16. c6 Rd8 17. bxa5 Bc5 18. Nb5 0-0 19. Nxc7 1-0

[Event "IECG C1.2000.0.00302"]
[Site "IECG email"]
[Date "2000.08.20"]
[Round "?"]
[White "Bendig, Frank"]
[Black "Wodniczak, Arkadiusz"]
[Result "1/2-1/2"]
[WhiteElo "2093"]
[BlackElo "2112"]
[PlyCount "90"]
[EventDate "2000.08.20"]
[EventType "tourn (corr)"]
[EventRounds "6"]
[SourceTitle "Corr 2008"]
[Source "ChessBase"]
[SourceDate "2008.06.24"]
[SourceVersion "1"]
[SourceVersionDate "2008.06.24"]
[SourceQuality "1"]

1. d4 Nf6 2. Nf3 e6 3. Bg5 c5 4. c3 d5 5. e3 Be7 6. Nbd2 Nbd7 7. Bd3 b6 8. 0-0 Bb7 9. Ne5 Nxe5 10. dxe5 Nd7 11. Bxe7 Qxe7 12. f4 h6 13. Qe2 0-0 14. Nf3 c4 15. Bc2 b5 16. Nd4 b4 17. cxb4 Qxb4 18. Qg4 Qe7 19. Rf3 Kh8 20. Rg3 Rg8 21. Qh5 f5 22. Bxf5 exf5 23. Nxf5 Qe8 24. Qh3 Qe6 25. Nxh6 Qxh6 26. Qxd7 Bc8 27. Qxd5 Rb8 28. b3 cxb3 29. axb3 a6 30. Qd3 Rf8 31. Rg6 Qh7 32. Qd6 Bf5 33. Rg5 Rfd8 34. Qxa6 Rxb3 35. e6 Rdb8 36. Rc1 g6 37. Rc8+ Rxc8 38. Qxc8+ Qg8 39. Qxg8+ Kxg8 40. g4 Bxe6 41. Rxg6+ Kf7 42. f5 Bxf5 43. gxf5 Rxe3 44. Kg2 Re5 45. Rg5 Kf6 1/2-1/2

[Event "IECG C1.2000.0.00302"]
[Site "IECG email"]
[Date "2000.08.20"]
[Round "?"]
[White "Siefring, Carl L"]
[Black "Wodniczak, Arkadiusz"]
[Result "1/2-1/2"]
[WhiteElo "2174"]
[BlackElo "2112"]
[PlyCount "49"]
[EventDate "2000.08.20"]
[EventType "tourn (corr)"]
[EventRounds "6"]
[SourceTitle "Corr 2008"]
[Source "ChessBase"]
[SourceDate "2008.06.24"]
[SourceVersion "1"]
[SourceVersionDate "2008.06.24"]
[SourceQuality "1"]

1. e4 e5 2. Nf3 Nc6 3. d4 exd4 4. Nxd4 Nf6 5. Nxc6 bxc6 6. e5 Qe7 7. Qe2 Nd5 8. c4 Ba6 9. g3 g6 10. Bg2 Bg7 11. 0-0 0-0 12. Re1 Nb6 13. b3 Rfe8 14. Bb2 f6 15. e6 Qxe6 16. Qxe6+ Rxe6 17. Rxe6 dxe6 18. Bxc6 Rd8 19. Na3 f5 20. Bxg7 Kxg7 21. Re1 Kf6 22. f4 Rd6 23. Bb5 Nd7 24. Re2 Bb7 25. Bxd7 1/2-1/2

[Event "IECG L1.1999.0.00005 email"]
[Site "IECG email"]
[Date "1999.09.06"]
[Round "?"]
[White "Olsson, Gary"]
[Black "Wodniczak, Arkadiusz"]
[Result "0-1"]
[WhiteElo "1900"]
[BlackElo "2100"]
[PlyCount "80"]
[EventDate "1999.09.06"]
[EventType "tourn (corr)"]
[EventRounds "14"]
[SourceTitle "Corr 2008"]
[Source "ChessBase"]
[SourceDate "2008.06.24"]
[SourceVersion "1"]
[SourceVersionDate "2008.06.24"]
[SourceQuality "1"]

1. d4 Nf6 2. c4 e6 3. Nc3 Bb4 4. e3 0-0 5. Bd3 d5 6. Nf3 c5 7. 0-0 Nc6 8. cxd5 exd5 9. a3 Bxc3 10. bxc3 b6 11. Bb2 Bg4 12. Be2 Ne4 13. c4 dxc4 14. Qc2 Re8 15. dxc5 b5 16. Nd4 Nxd4 17. Bxd4 Bxe2 18. Qxe2 Rc8 19. Qb2 a6 20. a4 Qd7 21. axb5 axb5 22. Bxg7 Qd2 23. Bd4 Qxb2 24. Bxb2 Nxc5 25. Bc3 Nd3 26. Rfb1 Rb8 27. Ra5 b4 28. Rg5+ Kf8 29. Bg7+ Ke7 30. Rg4 Rec8 31. Re4+ Kd6 32. Rd4+ Ke6 33. Ra1 Rc6 34. Ra5 c3 35. Re4+ Kd6 36. Rf5 Rbc8 37. Rf6+ Kc5 38. Rf5+ Kb6 39. Bd4+ Ka6 40. Re7 R8c7 0-1

[Event "IECG L1.1999.0.00001 email"]
[Site "IECG email"]
[Date "1999.05.28"]
[Round "?"]
[White "Rusak, Alexandr Victorovic"]
[Black "Wodniczak, Arkadiusz"]
[Result "0-1"]
[WhiteElo "1985"]
[BlackElo "2100"]
[PlyCount "78"]
[EventDate "1999.05.28"]
[EventType "tourn (corr)"]
[EventRounds "14"]
[SourceTitle "Corr 2008"]
[Source "ChessBase"]
[SourceDate "2008.06.24"]
[SourceVersion "1"]
[SourceVersionDate "2008.06.24"]
[SourceQuality "1"]

1. e4 e5 2. Nf3 Nc6 3. Bb5 a6 4. Ba4 Nf6 5. 0-0 Be7 6. Re1 b5 7. Bb3 0-0 8. a4 Bb7 9. d3 d6 10. Nbd2 Nd7 11. c3 Nc5 12. axb5 axb5 13. Rxa8 Bxa8 14. Bc2 Ne6 15. Nf1 Bb7 16. b4 Qd7 17. Bb3 Ra8 18. Ng3 Bf6 19. Qc2 Ncd8 20. Be3 g6 21. d4 exd4 22. cxd4 d5 23. Qd3 Ra3 24. Bc1 dxe4 25. Nxe4 Bxe4 26. Rxe4 Ra1 27. Qc3 Nxd4 28. Nxd4 Bxd4 29. Rxd4 Rxc1+ 30. Qxc1 Qxd4 31. g3 c6 32. Qg5 Kf8 33. Kg2 h5 34. h4 Ke8 35. Qf4 Qxf4 36. gxf4 Ne6 37. Bxe6 fxe6 38. Kf3 e5 39. fxe5 c5 0-1